Statistics for Biggest Landslides in US Presidential Elections

Click here to take the quiz!

General Stats

  • This quiz has been taken 647 times
  • The average score is 7 of 10

Answer Stats

%victorious candidate% Correct
58.77Ronald Reagan
94%
60.80Franklin Roosevelt
93%
57.41Franklin Roosevelt
93%
60.67Richard Nixon
85%
56.42Theodore Roosevelt
83%
61.05Lyndon Johnson
78%
57.37Dwight Eisenhower
68%
58.21Herbert Hoover
55%
60.32Warren Harding
45%
55.93Andrew Jackson
42%

Score Distribution

Percentile by Number Answered

Percent of People with Each Score

Your Score History

You have not taken this quiz